| 000 | 00575nam a2200193 i 4500 | ||
|---|---|---|---|
| 001 | 131672 | ||
| 003 | ES-MaACL | ||
| 005 | 20250815112602.0 | ||
| 007 | t| | ||
| 008 | 070214s1903 sp r ||||1| spa d | ||
| 080 | _a577.1 | ||
| 100 | 1 |
_aRodríguez Carracido, José, _d1856-1928 _998407 |
|
| 245 | 1 | 0 |
_aTratado de química biológica / _cJosé Rodríguez Carracido. |
| 260 |
_aMadrid : _b[s.n.], _c1903 ( _fImp. Suc. de Hernando) |
||
| 300 |
_a726 p. : _bil. ; _c24 cm. |
||
| 650 | 0 | 7 |
_aBioquímica _2embne _9136796 |
| 852 |
_aES-MaACL _jB-1621 |
||
| 999 |
_c131672 _d131672 |
||